Statistieken voor Eredivisie - beste spelers per land

Klik hier om de quiz te nemen!

Algemene statistieken

  • Deze quiz is 7 keer genomen
  • De gemiddelde score is 31 van 485

Antwoordstatistieken

NationaliteitNummerPositieClubsSpelerWedstrijdenMinutenDoelpunten% Correct
Angola2Rechtsbuiten Lesly de Sa473.3162
86%
Algerije1Defensief middenveld Ramiz Zerrouki11510.0633
86%
Costa Rica2Aanvallend middenveld Bryan Ruiz797.04840
71%
Denemarken1Defensief middenveld Lasse Schöne43939.18985
71%
Argentinië4Centrale verdedigerMarcos Senesi807.1496
71%
Burikina Faso4Rechtsbuiten Bertrand Traoré665.37325
57%
Colombia3Centrale verdedigerDavinson Sánchez322.7646
57%
Burikina Faso5CentrumspitsLassina Traoré221.4479
57%
Argentinië5Centrale verdedigerLisandro Martínez746.5236
57%
Argentinië1LinkervleugelverdedigerNicolás Tagliafico11510.3259
57%
Iran1Rechtsbuiten Alireza Jahanbakhsh17715.28948
43%
Republiek Congo1RechtervleugelverdedigerBrayann Pereira82570
43%
Servië1Linksbuiten Dusan Tadic29526.470119
43%
Israël2CentrumspitsEran Zahavi503.78122
43%
Brazilië1Centrale verdediger Eric Botteghin26623.85319
43%
Brazilië2CentrumspitsEverton21718.93970
43%
Kameroen4Defensief middenveld Eyong Enoh1038.4973
43%
Italië1Centrumspits Graziano Pellè13511.26864
43%
Denemarken3Centrumspits Kenneth Pérez32528.576105
43%
Duitsland2Keeper Lars Unnerstall17115.3900
43%
Uruguay1Centrumspits Luis Suárez13912.50291
43%
Aruba3Defensief middenveld Marlon Pereira927.8391
43%
Finland2Centrale verdediger Niklas Moisander18816.9198
43%
Frankrijk5Centrale verdedigerOlivier Boscagli1038.8169
43%
Japan4Rechtsbuiten Ritsu Doan1049.03225
43%
Colombia1RechtervleugelverdedigerSantiago Arias13612.2029
43%
Ivoorkust3Centrumspits Sébastien Haller13211.64873
43%
Argentinië2KeeperSergio Romero908.0990
43%
Kameroen2KeeperAndré Onana14813.3200
29%
Georgië5CentrumspitsArchil Arveladze585.17422
29%
Albanië2CentrumspitsArmando Broja301.87410
29%
Canada3Defensief middenveldAtiba Hutchinson807.1234
29%
Mexico3Defensief middenveldEdson Álvarez988.20110
29%
Curaçao5Keeper Eloy Room18316.4440
29%
Mexico4Centraal middenveldÉrick Gutiérrez947.6237
29%
Chili1Centraal middenveldFelipe Gutiérrez908.0667
29%
Hongarije1Keeper Gábor Babos37733.9301
29%
Georgië1Centrale verdedigerGuram Kashia24522.03820
29%
Finland5Aanvallend middenveldJari Litmanen17915.62396
29%
Zuid-Korea1Aanvallend middenveldJi-sung Park877.41715
29%
IJsland2Centrumspits Kolbeinn Sigthórsson1129.67046
29%
Griekenland1Keeper Kostas Lamprou18616.7390
29%
Luxemburg3RechtervleugelverdedigerLaurent Jans197630
29%
Costa Rica3CentrumspitsManfred Ugalde674.70818
29%
Griekenland5Centrale verdedigerPantelis Hatzidiakos14612.9403
29%
Peru2Defensief middenveld Renato Tapia927.6599
29%
Nieuw-Zeeland1Centraal middenveld Ryan Thomas16314.10912
29%
Suriname5Rechtervleugelverdediger Sean Klaiber17916.08711
29%
Georgië2Centrumspits Shota Arveladze15613.99791
29%
Finland4Centrale verdediger Thomas Lam18516.64015
29%
Indonesië1Defensief middenveld Thom Haye20017.46811
29%
Zuid-Afrika4Defensief middenveld Thulani Serero15112.95111
29%
Tsjechië4Rechtsbuiten Vaclav Cerny957.71021
29%
Curaçao3Defensief middenveld Vurnon Anita23119.7698
29%
Gambia5RechtsbuitenYankuba Minteh211.0937
29%
Japan2RechtervleugelverdedigerYukinari Sugawara12810.70011
29%
IJsland4Schaduwspits Albert Gudmundsson837.07717
14%
Kazachstan1Centraal middenveldAlexander Merkel574.9222
14%
IJsland5CentrumspitsAlfred Finnbogason625.58053
14%
Mexico5Centraal middenveldAndrés Guardado806.9874
14%
Zwitserland1CentrumspitsBlaise Nkufo22319.811114
14%
Ivoorkust2Rechtsbuiten Bonaventure Kalou17214.74037
14%
Uruguay3Rechtervleugelverdediger Bruno Silva877.8202
14%
Venezuela2CentrumspitsChristian Santos302.64716
14%
Brazilië4Centrumspits Cristiano18516.54256
14%
Kaapverdië1Centraal middenveld Deroy Duarte15012.51011
14%
Engeland2Verdediging Douglas George15813.9482
14%
Paraguay1Centraal middenveldÉdgar Barreto11410.23111
14%
Uruguay2Aanvallend middenveldGastón Pereiro11810.33344
14%
Engeland4Linkervleugelverdediger George Cox12511.1888
14%
China2LinkervleugelverdedigerHai Yu104690
14%
Mexico1Centrale verdediger Héctor Moreno14112.66117
14%
Irak1RechtervleugelverdedigerHussein Ali191.0540
14%
Kosovo1Centrale verdedigerIbrahim Dresevic897.9912
14%
Denemarken2LinkervleugelverdedigerJan Heintze39535.3926
14%
Guinee-Bissau1Centraal middenveld Janio Bikel685.9282
14%
Peru1RechtsbuitenJefferson Farfán11810.04257
14%
IJsland1RechtsbuitenJóhann Berg Gudmundsson1158.7709
14%
Spanje3Centrale verdediger José Fortes Rodriguez13211.6812
14%
Ecuador3Linkervleugelverdediger José Valencia625.5521
14%
Aruba1Linksbuiten Joshua John1049.0908
14%
Hongarije4CentrumspitsJózsef Kiprich12811.16953
14%
Verenigde Staten3CentrumspitsJozy Altidore675.88639
14%
Marokko1Defensief middenveld Karim El Ahmadi30527.22117
14%
Kaapverdië4Defensief middenveld Laros Duarte887.3555
14%
Duitsland3Centrumspits Lennart Thy16614.89851
14%
Colombia2LinksbuitenLuis Sinisterra766.56420
14%
Oostenrijk4Centraal middenveld Marcel Ritzmaier877.8166
14%
Peru5LinkervleugelverdedigerMarcos López261.4140
14%
Colombia4Centrumspits Mateo Cassierra312.4244
14%
Guinee3CentrumspitsMathias Pogba143774
14%
Tsjechië3Centraal middenveld Michal Sadílek968.5806
14%
Egypte2CentrumspitsMido453.24023
14%
Japan1Centrumspits Mike Havenaar13811.57851
14%
Saoedi-Arabië1Defensief middenveldMukhtar Ali151.1311
14%
Oekraïne4LinkervleugelverdedigerOleksandr Zinchenko124930
14%
Turkije4Centraal middenveldOrkun Kökçü11910.70023
14%
Algerije2Centrumspits Oussama Darfalou1028.65121
14%
Noorwegen2Centrale verdedigerPa-Modou Kah18916.98712
14%
Portugal5CentrumspitsPedro Marques331.0675
14%
Estland1Centrale verdediger Ragnar Klavan17315.0894
14%
Indonesië2Linksbuiten Ragnar Oratmangoen746.0700
14%
Iran2Centrumspits Reza Ghoochannejhad1038.05040
14%
Letland1CentrumspitsRoberts Uldrikis493.2148
14%
Zweden5Linksbuiten Sam Larsson15814.07337
14%
Peru4Centraal middenveldSergio Peña554.84010
14%
Irak5CentrumspitsShapoul Ali170
14%
Japan3Aanvallend middenveldShinji Ono1129.69419
14%
Denemarken5Centraal middenveld Sören Lerby28725.79282
14%
Zuid-Afrika5Linker middenveldSteven Pienaar948.10615
14%
Kroatië4Aanvallend middenveldTibor Halilovic695.9796
14%
Griekenland4Centrumspits Vangelis Pavlidis15813.82880
14%
Kameroen1Aanvallend middenveld Willie Overtoom15914.26441
14%
Irak2Centraal middenveldZidane Iqbal102410
14%
Democratische Republiek Congo3Linkervleugelverdediger Abel Tamata645.5280
0%
Ghana3Defensief middenveld Abubakari Yakubu14512.7710
0%
Marokko3Linker middenveld Adil Ramzi25522.53854
0%
Iran4KeeperAgil Etemadi32220
0%
Albanië4RechtsbuitenAgim Zeka51490
0%
Guinee4LinksbuitenAhmad Mendes Moreira132531
0%
Algerije5Centrale verdedigerAhmed Touba605.3973
0%
Slowakije4Aanvallend middenveld Albert Rusnák766.62212
0%
Slovenië2Defensief middenveld Aleksandar Radosavljevic806.9825
0%
Sierra Leone3LinkervleugelverdedigerAlex Bangura565.0244
0%
Moldavië1KeeperAlexei Koselev686.1180
0%
Marokko4Centrumspits Ali Elkhattabi23921.42581
0%
Senegal4LinksbuitenAliou Baldé42760
0%
Senegal2LinksbuitenAmadou Ciss322.7866
0%
Slovenië3Centraal middenveldAndraz Kirm564.0293
0%
Brazilië5Centrale verdedigerAndré Bahia17916.03117
0%
Estland2Centrumspits Andres Oper11510.22232
0%
Bulgarije5Aanvallend middenveldAndrey Zhelyazkov766.67930
0%
Wit-Rusland3Centraal middenveldAndrey Zygmantovich292.4982
0%
Litouwen2Centrale verdedigerAndrius Skerla252.0870
0%
Irak4Aanvallend middenveldAnmar Almubaraki51960
0%
Rusland5Centraal middenveldAnsar Ayupov897.8283
0%
Ierland3LinkervleugelverdedigerAnselmo García MacNulty241.9060
0%
Angola5CentrumspitsAntonio Correia141.1810
0%
Armenië1Rechtsbuiten Aras Özbiliz402.7543
0%
Kosovo2LinksbuitenArbër Zeneli887.46017
0%
Kosovo5Aanvallend middenveldArianit Ferati574.1671
0%
Polen1Defensief middenveld Arkadiusz Radomski25722.8117
0%
Kameroen3Centraal middenveldArnaud Djoum1199.9559
0%
Ivoorkust5Centrumspits Arouna Koné11610.34149
0%
Armenië5RechtsbuitenArshak Koryan3990
0%
Luxemburg2Centrumspits Aurélien Joachim575.08012
0%
Armenië4LinkervleugelverdedigerAventis Aventisyan3990
0%
Nigeria3Centrale verdediger Azubuike Oliseh12911.4391
0%
Mali4SchaduwspitsBakary Diakité231.0140
0%
Hongarije5Aanvallend middenveldBalázs Dzsudzsák11410.21244
0%
Israël3Centrumspits Ben Sahar493.58612
0%
Kameroen5LinksbuitenBernard Samuel Tchoutang887.71714
0%
Turkije3Linksbuiten Bilal Başaçıkoğlu12511.01913
0%
Noord-Macedonië4KeeperBlagoj Istatov635.6700
0%
Montenegro5CentrumspitsBogdan Milic392.8914
0%
Hongarije3Linkervleugelverdediger Boldizsár Bodor22619.15520
0%
Australië1Aanvallend middenveld Brett Holman18315.43034
0%
Portugal4LinksbuitenBruma493.74510
0%
Haiti1RechtervleugelverdedigerCarlens Arcus534.4051
0%
Mexico2Centrale verdedigerCarlos Salcido12110.8883
0%
Paraguay2Defensief middenveldCelso Ortiz968.2691
0%
Zuid-Korea4RechtervleugelverdedigerChong-gug Song534.4512
0%
Sint Maarten1LinksbuitenChovanie Amatkarijo130
0%
Ghana5Rechtervleugelverdediger Christian Gyan1099.4194
0%
Liberia2CentrumspitsChristopher Wreh74862
0%
Wales2Centrale verdedigerCian Harries83751
0%
Bermuda1CentrumspitsClyde Best231.7533
0%
Cyprus2Defensief middenveldCostas Costa96380
0%
Roemenië2Centrale verdedigerCristian Chivu1079.38013
0%
Hongarije2Defensief middenveld Csaba Fehér25522.90323
0%
Syrië4Aanvallend middenveldDaleho Irandust362.4471
0%
Slovenië4Centraal middenveldDalibor Stevanovic554.2088
0%
Portugal3Aanvallend middenveldDani726.07612
0%
Colombia5Aanvallend middenveldDaniel Cruz133222
0%
Kroatië1LinkervleugelverdedigerDanijel Pranjic12911.59832
0%
Bosnië en Herzegovina2Centrale verdediger Dario Dumic918.1627
0%
Kroatië5Defensief middenveld Dario Vujicevic696.1012
0%
Grenada1LinksbuitenDarius Johnson201.6200
0%
Curaçao4Centrale verdediger Darryl Lachman19116.8723
0%
Trinidad en Tobago2CentrumspitsDarryl Roberts342.9309
0%
Ierland2CentrumspitsDavid Connolly251.7437
0%
Engeland5Centrumspits David Loggie12110.38554
0%
Portugal1Centrale verdediger David Nascimento32529.20411
0%
Gabon1RechtsbuitenDavid Sambissa402.4304
0%
Uruguay5CentrumspitsDavid Texeira635.32514
0%
Servië5Centraal middenveld Dejan Govedarica17215.46317
0%
Moldavië5Linksbuiten Denis Calincov161.3552
0%
Oekraïne3LinksbuitenDenys Oliynyk554.2668
0%
Frankrijk3Centrumspits Didier Martel12210.38718
0%
Liberia4VerdedigingDionysius Sebwe21110
0%
Rusland1Linker middenveld Dmitriy Shukov25022.35341
0%
Montenegro4MiddenveldDojcin Perazic11610.4388
0%
Angola1Defensief middenveldDominique Kivuvu756.1371
0%
Roemenië5LinkervleugelverdedigerDorel Zegrean695.6011
0%
Liberia3Centraal middenveldDulee Johnson3700
0%
Roemenië3LinkervleugelverdedigerDumitru Mitriţă837.3476
0%
Verenigde Staten1Centrumspits Earnie Stewart35431.76793
0%
Pakistan1Centrale verdedigerEasah Suliman390
0%
Gambia3LinksbuitenEbou Sillah454.01410
0%
Guinee-Bissau2Centrale verdedigerEdgar Ié119000
0%
Armenië2CentrumspitsEdgar Manucharyan95620
0%
Ecuador2Aanvallend middenveldEdison Méndez726.2589
0%
Frankrijk1Linksbuiten Édouard Duplan25122.00733
0%
Gambia2RechtsbuitenEdrissa Sonko1128.71319
0%
Israël1RechtervleugelverdedigerEli Dasa716.2220
0%
El Salvador1Aanvallend middenveldEnrico Dueñas2790
0%
Ghana4Centrale verdediger Eric Addo14012.5635
0%
Aruba5Aanvallend middenveld Erixon Danso201.5601
0%
Litouwen3KeeperErnestas Setkus221.9640
0%
Costa Rica1KeeperEsteban Alvarado13412.0600
0%
Saoedi-Arabië2RechtsbuitenFahad Al-Ghesheyan95120
0%
Singapore1CentrumspitsFandi Ahmad87171
0%
Afghanistan1Centraal middenveldFarshad Noor262.1790
0%
Turkije5RechtervleugelverdedigerFatih Sonkaya1099.7531
0%
Aruba4Rechtervleugelverdediger Fernando Lewis907.5474
0%
Guinee-Bissau3Centraal middenveldFrancisco Júnior2530
0%
Dominicaanse Republiek1RechtervleugelverdedigerFrancisco Reyes Marizan1200
0%
Guadeloupe3KeeperFranck Grandel272.3080
0%
Oostenrijk3Aanvallend middenveldFranz Hasil1129.98534
0%
Nieuw-Zeeland3AanvalFred de Jong534.3026
0%
Togo3RechtervleugelverdedigerFrederic Ananou292.4470
0%
Noorwegen4Centraal middenveldFredrik Midtsjø14512.8595
0%
Angola3Aanvallend middenveldFredy322.6912
0%
Rwanda1RechtervleugelverdedigerFritz Emeran494.4101
0%
Democratische Republiek Congo5Aanvallend middenveldGaël Kakuta342.8692
0%
Italië4Aanvallend middenveldGaetano Oristanio271.9621
0%
Nigeria2Linker middenveldGarba Lawal15513.80120
0%
Paraguay3KeeperGatito Fernández131.1260
0%
Syrië3CentrumspitsGeorge Mourad362.6554
0%
Kazachstan2Centraal middenveldGeorgiy Zhukov161.1981
0%
Roemenië1Centrale verdedigerGheorghe Popescu1089.63923
0%
Italië2LinkervleugelverdedigerGiacomo Quagliata544.8581
0%
Griekenland3Centrumspits Giannis Anastasiou16214.46955
0%
Sierra Leone1Centrale verdediger Gibril Sankoh16714.9740
0%
België2Rechtervleugelverdediger Gill Swerts23821.33610
0%
Georgië4Linksbuiten Giorgi Gakhokidze897.8397
0%
Ecuador5Centrale verdedigerGiovanny Espinoza272.2900
0%
Letland2CentrumspitsGirts Karlsons52010
0%
Noord-Macedonië3Centrumspits Gjorgji Hristov686.02522
0%
Zuid-Afrika2Centrumspits Glen Salmon18916.93344
0%
Spanje5Schaduwspits Gonzalo García1008.79613
0%
Noord-Macedonië5LinkervleugelverdedigerGoran Popov514.4482
0%
Australië3Centrumspits Graham Arnold12411.02256
0%
Verenigde Staten4Centrale verdediger Gregg Berhalter655.8192
0%
Jamaica1LinkervleugelverdedigerGreg Leigh161.3011
0%
Aruba2Centraal middenveld Gregor Breinburg958.2662
0%
Angola4CentrumspitsGuilherme Afonso322.7832
0%
Tunesië4RechtsbuitenHakim Braham74060
0%
Noorwegen1Linksbuiten Hallvar Thoresen31427.582152
0%
Zuid-Afrika1Keeper Hans Vonk42838.5160
0%
Noorwegen5Aanvallend middenveldHarald Berg12711.30947
0%
Bosnië en Herzegovina4Centraal middenveld Haris Medunjanin574.94011
0%
Tunesië1RechtervleugelverdedigerHatem Trabelsi998.7402
0%
Egypte5Centrale verdedigerHaytham Farouk2310
0%
Egypte3Aanvallend middenveldHazem Emam382.6784
0%
Estland5LinksbuitenHenrik Ojamaa62801
0%
Egypte1Centraal middenveldHossam Ghaly494.3253
0%
Zuid-Korea5Centrumspits Hyun-jun Suk302.4335
0%
Sierra Leone2Defensief middenveldIbrahim Kargbo1129.9983
0%
Montenegro3Centrumspits Igor Gluscevic15813.87252
0%
Rusland4Rechtsbuiten Igor Korneev12510.97527
0%
Bulgarije3Centrale verdediger Igor Tomasic806.6713
0%
Sierra Leone4Rechtsbuiten Issa Kallon383.0695
0%
Slowakije2AanvalIvan Mraz978.71831
0%
Bulgarije1Centrumspits Ivan Tsvetkov977.86511
0%
Nieuw-Zeeland2Defensief middenveld Ivan Vicelich14812.97814
0%
Portugal2RechtervleugelverdedigerIvo Pinto786.5280
0%
Ierland1Aanvallend middenveldJack Byrne272.1074
0%
Zambia1Centrumspits Jacob Mulenga1118.53338
0%
Nieuw-Zeeland5LinkervleugelverdedigerJames McGarry64530
0%
Noord-Ierland1CentrumspitsJames Quinn483.76611
0%
Polen4Centrumspits Janusz Kowalik15313.63077
0%
België3Centrale verdediger Jan Wuytens22919.98611
0%
Tsjechië2Rechtsbuiten Jaromir Simr12010.3329
0%
Tsjechië5RechtsbuitenJaroslav Navratil837.3409
0%
Australië2Centraal middenveld Jason Culina16214.20916
0%
Gambia1RechtsbuitenJatto Ceesay23720.75037
0%
Indonesië3Centrale verdedigerJay Idzes534.7411
0%
Luxemburg4MiddenveldJean Noël127443
0%
Kaapverdië2Rechtervleugelverdediger Jeffry Fortes13511.7558
0%
Kaapverdië3Linksbuiten Jerson Cabral12910.35816
0%
Haiti3RechtervleugelverdedigerJhondly van der Meer108930
0%
Schotland2Middenveld Jimmy Calderwood13011.6376
0%
Wales4CentrumspitsJimmy Cardno41490
0%
Democratische Republiek Congo2Rechtsbuiten Jody Lukoki877.6539
0%
Jamaica2Centrale verdedigerJoel Latibeaudiere54411
0%
Zwitserland2Defensief middenveldJohann Vogel16914.9738
0%
Zwitserland5Linker middenveld Johan Vonlanthen614.15011
0%
Schotland3Centrumspits John Clayton1069.17934
0%
Ierland5AanvalJohn Delamere161.1043
0%
Hongkong1CentrumspitsJohn Moore282.0628
0%
Noord-Ierland4SchaduwspitsJohnny Crossan32240
0%
Verenigde Staten2Defensief middenveld John O'Brien867.7125
0%
Ecuador4Aanvallend middenveld John Yeboah352.6292
0%
Finland1Rechtsbuiten Joonas Kolkka31327.86945
0%
Democratische Republiek Congo4Rechtsbuiten Jordan Botaka443.4751
0%
Chili3Defensief middenveld Jorge Acuña393.1760
0%
Kroatië3CentrumspitsJosip Mohorovic786.99615
0%
Chili5CentrumspitsJuan Gonzalo Lorca271.5072
0%
Argentinië3CentrumspitsJulio Cruz867.65045
0%
Zuid-Korea3Centraal middenveldJung-moo Huh776.22911
0%
Zambia2CentrumspitsKalusha Bwalya1068.79025
0%
Zuid-Afrika3Defensief middenveld Kamohelo Mokotjo15914.2855
0%
Algerije4Aanvallend middenveld Karim Bridji645.4066
0%
Tunesië3Centrale verdedigerKarim Saïdi463.8671
0%
Algerije3Rechtsbuiten Karim Soltani836.46513
0%
Estland3Centrale verdedigerKarol Mets403.5931
0%
Burundi3AanvalKassim Bizimana41160
0%
Engeland1RechtervleugelverdedigerKeith Masefield19817.5915
0%
Suriname4Rechtervleugelverdediger Kelvin Leerdam19116.92416
0%
Thailand1Defensief middenveldKenny Dougall494.0202
0%
Gabon2CentrumspitsKevin Mayi261.7514
0%
Haiti2Centrale verdedigerKim Jaggy474.0480
0%
Denemarken4Aanvallend middenveldKristen Nygaard29926.78781
0%
Oostenrijk5CentrumspitsKurt Welzl665.28439
0%
Ghana2Defensief middenveld Kwame Quansah26323.57519
0%
Senegal5Centrale verdedigerLamine Sané110
0%
Montenegro2Centrale verdediger Lazar Radovic16514.8485
0%
Gambia4Linkervleugelverdediger Leon Guwara443.7580
0%
Trinidad en Tobago1Centrumspits Levi García443.6413
0%
Albanië1Centraal middenveld Lindon Selahi463.7342
0%
Kaapverdië5RechtsbuitenLisandro Semedo716.03512
0%
Guadeloupe1Linksbuiten Loïc Loval1029.03314
0%
Cyprus3RechtsbuitenLoizos Loizou2380
0%
Verenigde Staten5Centraal middenveldLuca de la Torre645.2622
0%
Italië5Aanvallend middenveldLuciano Valente201.7890
0%
Mali1Defensief middenveldMahamadou Diarra695.6719
0%
Burikina Faso3Rechtsbuiten Mamadou Zongo1018.44116
0%
Spanje2Rechtsbuiten Manuel Sanchez Torres18015.55742
0%
Frans-Guyana1CentrumspitsMarc-Antoine Fortuné533.58411
0%
Canada2LinkervleugelverdedigerMarcel de Jong11510.1863
0%
Italië3Centrale verdedigerMarco De Marchi433.3583
0%
Guatemala2LinksbuitenMarco Pappa112710
0%
Nieuw-Zeeland4RechtsbuitenMarco Rojas231.0633
0%
Spanje1Centrumspits Mariano Bombarda24021.102100
0%
Slowakije5Centrale verdedigerMarián Zeman605.1211
0%
Liberia1RechtervleugelverdedigerMark Pabai98080
0%
Zwitserland4Centrale verdedigerMartin Angha796.9051
0%
Slovenië5RechtervleugelverdedigerMartin Milec373.2720
0%
Duitsland4KeeperMartin Pieckenhagen16614.9401
0%
Zimbabwe1Defensief middenveldMarvelous Nakamba675.5802
0%
Togo4Centrale verdedigerMassamasso Tchangai281.9031
0%
Duitsland5Linkervleugelverdediger Mats Köhlert14813.13812
0%
Ghana1Centrumspits Matthew Amoah31027.835116
0%
Montserrat1Centraal middenveldMatty Willock3190
0%
Slowakije1Centraal middenveldMatus Bero13712.28620
0%
Togo1Centrale verdedigerMawouna Amevor352.5722
0%
Luxemburg1Linkervleugelverdediger Mica Pinto13612.1775
0%
Senegal3Defensief middenveldMickaël Tavares74450
0%
Peru3Centrale verdedigerMiguel Araujo766.8396
0%
Roemenië4LinkervleugelverdedigerMihai Neşu817.2292
0%
Guinee2Centrale verdedigerMikael Dyrestam191.5320
0%
Finland3Centraal middenveld Mika Väyrynen18616.09229
0%
Noord-Macedonië1Centraal middenveld Mile Krstev1038.6317
0%
Noord-Macedonië2Aanval Milko Gjurovski786.92727
0%
Kosovo3RechtsbuitenMilot Rashica837.04013
0%
Suriname3Linkervleugelverdediger Miquel Nelom19417.1142
0%
Mali3Centrale verdedigerModibo Sagnan362.9422
0%
Burundi2LinksbuitenMohamed Amissi108910
0%
Guinee1CentrumspitsMohamed Lamine Sylla14512.60524
0%
Syrië2Aanvallend middenveld Mohammed Osman655.4255
0%
Mali2RechtsbuitenMoussa Sylla564.1377
0%
Turkije2Rechtervleugelverdediger Muslu Nalbantoglu15013.3124
0%
Turkije1Centraal middenveldMustafa Saymak19016.16832
0%
Irak3Aanvallend middenveldNashat Akram10520
0%
Indonesië4Linkervleugelverdediger Nathan Tjoe-A-On312.6121
0%
Servië2Linkervleugelverdediger Nebojsa Gudelj24622.0405
0%
Servië4Centrale verdediger Nemanja Gudelj18016.18430
0%
Cyprus1CentrumspitsNestoras Mytidis167411
0%
Wales1Centrumspits Nick Deacy675.6188
0%
Frankrijk2Centrale verdediger Nicolas Isimat-Mirin13311.4955
0%
Griekenland2Centrumspits Nikolaos Machlas16614.14698
0%
Bulgarije2KeeperNikolay Mihaylov887.9190
0%
Senegal1RechtervleugelverdedigerNoah Fadiga484.0551
0%
Armenië3RechtsbuitenNorair Aslanyan4200
0%
Mali5CentrumspitsNouha Dicko191.2094
0%
Marokko2Aanvallend middenveld Nourdin Boukhari26823.86647
0%
Bosnië en Herzegovina5Defensief middenveldOgnjen Gnjatic292.2910
0%
Wit-Rusland1SchaduwspitsOleg Putilo594.3276
0%
Oekraïne5LinksbuitenOleksandr Yakovenko116882
0%
Tunesië5Centrale verdedigerOmar Rekik6200
0%
Burikina Faso2Centrumspits Ousmane Sanou12110.72518
0%
Wales5Linker middenveldPaul Giles32700
0%
Schotland5Rechter middenveld Paul Kerlin403.2260
0%
Sierra Leone5CentrumspitsPaul Kpaka292.0865
0%
Filippijnen1Aanvallend middenveld Paul Mulders145910
0%
Wit-Rusland2Centraal middenveldPavel Mikhalevich474.0641
0%
Togo2CentrumspitsPeniel Mlapa302.47515
0%
Uruguay4Aanval Pépé Fernández655.5828
0%
Zweden4Centrale verdedigerPetter Hansson16214.43414
0%
IJsland3LinksbuitenPétur Pétursson887.63549
0%
Noord-Ierland3CentrumspitsPhil Gray151.3251
0%
Nigeria4Rechtsbuiten Pius Ikedia12611.22711
0%
Spanje4Centraal middenveldPol Llonch1069.3613
0%
Afghanistan2Centraal middenveldQays Shayesteh73120
0%
Bonaire1CentrumspitsQuincy Hoeve122250
0%
Schotland4LinkervleugelverdedigerRab McKinnon504.1041
0%
Burikina Faso1Verdediging Rahim Ouédraogo16014.2110
0%
Tunesië2LinkervleugelverdedigerRami Kaib593.9841
0%
Suriname2Centrale verdediger Ramon Leeuwin20318.1564
0%
Canada1Centrale verdediger Randy Samuel13812.4123
0%
Zweden1Centrale verdediger Rasmus Lindgren21919.58615
0%
Jamaica3Aanvallend middenveldRavel Morrison41310
0%
Curaçao2Centraal middenveld Raymond Victoria28525.33513
0%
Frankrijk4Linkervleugelverdediger Rémy Amieux1139.9615
0%
Madagascar1LinkervleugelverdedigerRémy Vita402.3412
0%
Ecuador1RechtsbuitenRenato Ibarra12210.6918
0%
Haiti4CentrumspitsRichelor Sprangers8780
0%
Bosnië en Herzegovina3KeeperRizah Meskovic686.1200
0%
Venezuela1RechtervleugelverdedigerRoberto Rosales11410.1403
0%
Canada5Centrumspits Rob Friend312.7578
0%
Curaçao1Centrumspits Robin Nelisse28625.07391
0%
Engeland3Centrumspits Rob McDonald15113.42371
0%
Estland4Centraal middenveldRocco Robert Shein65040
0%
Noorwegen3Middenveld Roger Albertsen16213.70823
0%
Oostenrijk2Aanvallend middenveld Rolf Landerl12310.9627
0%
Venezuela3Centrale verdedigerRubén Ramírez73220
0%
Guatemala1CentrumspitsRubio Rubín382.9553
0%
Oekraïne2Aanvallend middenveldRuslan Valeev958.1668
0%
Suriname1Centraal middenveld Ryan Koolwijk23620.58415
0%
Barbados1LinksbuitenRyan Trotman1600
0%
Togo5Centrale verdedigerSadik Fofana62770
0%
Iran3Centrale verdedigerSaeed Janfada373.2291
0%
Comoren1Rechtervleugelverdediger Saïd Bakari13111.4063
0%
Burundi1Aanvallend middenveldSaidi Ntibazonkiza615.27310
0%
Bosnië en Herzegovina1Centrale verdedigerSamir Memisevic988.4336
0%
Noord-Ierland2CentrumspitsSammy Morgan251.9887
0%
Zweden2Centrumspits Samuel Armenteros18315.48356
0%
Israël4Linkervleugelverdediger Samuel Scheimann383.0171
0%
Syrië1AanvalSanharib Malki655.61342
0%
Schotland1Centrumspits Scott Booth13511.87830
0%
Chili2Centraal middenveld Sebastián Pardo887.60310
0%
Ivoorkust1Centrumspits Sekou Cissé19216.50438
0%
Guinee5MiddenveldSekou Soumah121.0032
0%
Moldavië3CentrumspitsSerghei Clescenco322.1584
0%
Moldavië4VerdedigingSergiu Nani271.6660
0%
Afghanistan3Aanvallend middenveldShabir Isoufi4490
0%
Israël5Defensief middenveldSheran Yeini363.1051
0%
Egypte4KeeperSherif Ekramy75910
0%
Kosovo4Defensief middenveld Shkodran Metaj665.9180
0%
Wales3CentrumspitsSimon Church42600
0%
Duitsland1Centraal middenveld Simon Cziommer23020.48334
0%
Servië3Libero Spira Grujic18516.4512
0%
Luxemburg5Centrumspits Spitz Kohn121.0787
0%
Bulgarije4RechtervleugelverdedigerStanislav Manolev766.7723
0%
Kroatië2RechtsbuitenStefan Kurcinac907.99018
0%
Indonesië5LinksbuitenStefano Lilipaly41691
0%
Chili4RechtervleugelverdedigerStefano Magnasco272.3480
0%
Zwitserland3Centrale verdediger Stephan Keller968.4008
0%
Guyana1Rechtsbuiten Terell Ondaan987.6044
0%
Guadeloupe2CentrumspitsThierry Ambrose302.36910
0%
Nigeria1Rechtsbuiten Tijani Babangida17515.30449
0%
Slovenië1Centrumspits Tim Matavz22319.18590
0%
België4Centrale verdediger Timothy Derijck22520.15117
0%
Brazilië3Linker middenveld Tininho19216.83311
0%
Tsjechië1Defensief middenveld Tomas Galasek26423.66035
0%
Slowakije3Aanvallend middenveldTomas Suslov887.6554
0%
Polen5Rechter middenveld Tomasz Iwan14512.78512
0%
Polen3Linkervleugelverdediger Tomasz Rzasa18816.5075
0%
België1Aanvallend middenveld Tom Caluwé27424.44144
0%
Australië5LinksbuitenTommy Oar1018.9314
0%
België5Linkervleugelverdediger Tom Van Mol22019.46413
0%
Ierland4CentrumspitsTroy Parrott211.2587
0%
Georgië3LinksbuitenValeri Qazaishvili1048.18425
0%
Albanië3CentrumspitsVasil Shkurtaj82371
0%
Zweden3Centrale verdediger Viktor Elm18216.35221
0%
Moldavië2Centrumspits Vitalie Damaşcan382.7828
0%
Litouwen1LinkervleugelverdedigerVytautas Andriuskevicius524.4330
0%
Nigeria5Centrumspits Wasio Taiwo1169.20417
0%
Ivoorkust4Centrale verdedigerWilfried Kanon12310.8933
0%
Oostenrijk1Centrumspits Willi Kreuz19717.61079
0%
Canada4Centraal middenveld Will Johnson402.5273
0%
Polen2Centrumspits Wlodzimierz Smolarek21218.89845
0%
China3LinkervleugelverdedigerXiang Sun52950
0%
Comoren2Defensief middenveldYacine Bourhane4320
0%
Oekraïne1Centraal middenveld Yevgen Levchenko17715.76623
0%
Zuid-Korea2LinkervleugelverdedigerYoung-pyo Lee817.2411
0%
Marokko5Linkervleugelverdediger Youssef El Akchaoui23721.26716
0%
Japan5Centraal middenveldYuki Kobayashi897.9462
0%
China1Centrumspits Yuning Zhang301.6713
0%
Rusland3Centrale verdediger Yuriy Nikiforov12811.3036
0%
Rusland2Centrumspits Yuriy Petrov16114.40632
0%
Australië4KeeperZeljko Kalac11510.3500
0%
Montenegro1Rechtervleugelverdediger Zeljko Petrovic20318.23625
0%
Democratische Republiek Congo1Centrumspits Zico Tumba13110.60719
0%

Scoreverdeling

Percentiel versus Aantal Correcte Antwoorden

Procent van Mensen met Elke Score

Uw Scoregeschiedenis

U heeft deze quiz nog niet genomen